|
|
|
|
| LEADER |
02641nam a22005415i 4500 |
| 001 |
978-3-642-38401-1 |
| 003 |
DE-He213 |
| 005 |
20151031101156.0 |
| 007 |
cr nn 008mamaa |
| 008 |
130530s2013 gw | s |||| 0|eng d |
| 020 |
|
|
|a 9783642384011
|9 978-3-642-38401-1
|
| 024 |
7 |
|
|a 10.1007/978-3-642-38401-1
|2 doi
|
| 040 |
|
|
|d GrThAP
|
| 050 |
|
4 |
|a TK5105.5-5105.9
|
| 072 |
|
7 |
|a UKN
|2 bicssc
|
| 072 |
|
7 |
|a COM075000
|2 bisacsh
|
| 082 |
0 |
4 |
|a 004.6
|2 23
|
| 245 |
1 |
0 |
|a Wired/Wireless Internet Communication
|h [electronic resource] :
|b 11th International Conference, WWIC 2013, St. Petersburg, Russia, June 5-7, 2013. Proceedings /
|c edited by Vassilis Tsaoussidis, Andreas J. Kassler, Yevgeni Koucheryavy, Abdelhamid Mellouk.
|
| 264 |
|
1 |
|a Berlin, Heidelberg :
|b Springer Berlin Heidelberg :
|b Imprint: Springer,
|c 2013.
|
| 300 |
|
|
|a XII, 277 p. 145 illus.
|b online resource.
|
| 336 |
|
|
|a text
|b txt
|2 rdacontent
|
| 337 |
|
|
|a computer
|b c
|2 rdamedia
|
| 338 |
|
|
|a online resource
|b cr
|2 rdacarrier
|
| 347 |
|
|
|a text file
|b PDF
|2 rda
|
| 490 |
1 |
|
|a Lecture Notes in Computer Science,
|x 0302-9743 ;
|v 7889
|
| 505 |
0 |
|
|a MAC and scheduling -- Mobility -- Fixed networks -- Services and security -- Sensor networks -- Services -- Wireless.
|
| 520 |
|
|
|a This book constitutes the refereed proceedings of the 11th International Conference on Wired/Wireless Internet Communications, WWIC 2013, held in St. Petersburg, Russia, during June 5-7, 2013. The 21 revised full papers presented were carefully reviewed and selected from numerous submissions. The papers are organized in topical sections on: MAC and scheduling; mobility; fixed networks; services and security; sensor networks; services; and wireless.
|
| 650 |
|
0 |
|a Computer science.
|
| 650 |
|
0 |
|a Computer communication systems.
|
| 650 |
|
0 |
|a Operating systems (Computers).
|
| 650 |
|
0 |
|a Computer security.
|
| 650 |
1 |
4 |
|a Computer Science.
|
| 650 |
2 |
4 |
|a Computer Communication Networks.
|
| 650 |
2 |
4 |
|a Systems and Data Security.
|
| 650 |
2 |
4 |
|a Information Systems Applications (incl. Internet).
|
| 650 |
2 |
4 |
|a Operating Systems.
|
| 700 |
1 |
|
|a Tsaoussidis, Vassilis.
|e editor.
|
| 700 |
1 |
|
|a Kassler, Andreas J.
|e editor.
|
| 700 |
1 |
|
|a Koucheryavy, Yevgeni.
|e editor.
|
| 700 |
1 |
|
|a Mellouk, Abdelhamid.
|e editor.
|
| 710 |
2 |
|
|a SpringerLink (Online service)
|
| 773 |
0 |
|
|t Springer eBooks
|
| 776 |
0 |
8 |
|i Printed edition:
|z 9783642384004
|
| 830 |
|
0 |
|a Lecture Notes in Computer Science,
|x 0302-9743 ;
|v 7889
|
| 856 |
4 |
0 |
|u http://dx.doi.org/10.1007/978-3-642-38401-1
|z Full Text via HEAL-Link
|
| 912 |
|
|
|a ZDB-2-SCS
|
| 912 |
|
|
|a ZDB-2-LNC
|
| 950 |
|
|
|a Computer Science (Springer-11645)
|